[Event "21st Chicago Open"]
[Site "Wheeling USA"]
[Date "2012.05.28"]
[Round "8"]
[White "Mitkov, Nikola"]
[Black "Troff, Kayden W"]
[Result "1-0"]
[WhiteTitle "GM"]
[BlackTitle "FM"]
[WhiteElo "2518"]
[BlackElo "2276"]
[WhiteFideId "15000290"]
[BlackFideId "2047896"]
[EventDate "2012.05.24"]
[EventType "swiss"]

1. e4 c5 2. Nc3 d6 3. f4 g6 4. Nf3 Bg7 5. Bc4 Nc6 6. O-O Nf6 7. d3 O-O 8. Kh1
Bg4 9. h3 Bxf3 10. Qxf3 Nd4 11. Qf2 e6 12. a4 Nd7 13. Nd1 Nb6 14. Ba2 Kh8 15. c3
Nc6 16. Ne3 d5 17. f5 gxf5 18. exd5 Ne5 19. dxe6 fxe6 20. Bxe6 Nxd3 21. Qe2 Bh6
22. a5 Nxc1 23. Raxc1 Rf6 24. Bxf5 Na4 25. Rce1 Qf8 26. Ng4 Rxf5 27. Rxf5 Qxf5
28. Nxh6 Qf6 29. Ng4 Qg7 30. Qb5 h5 31. Re8+ Rxe8 32. Qxe8+ Kh7 33. Qxh5+ Kg8
34. Qe8+ Qf8 35. Qg6+ Kh8 36. Nf6 1-0

[Event "21st Chicago Open"]
[Site "Wheeling USA"]
[Date "2012.05.28"]
[Round "8"]
[White "Gulamali, Kazim"]
[Black "Yang, Darwin"]
[Result "0-1"]
[WhiteTitle "FM"]
[BlackTitle "IM"]
[WhiteElo "2346"]
[BlackElo "2476"]
[WhiteFideId "2024764"]
[BlackFideId "2029111"]
[EventDate "2012.05.24"]
[EventType "swiss"]

1. e4 e6 2. d4 d5 3. e5 c5 4. c3 Nc6 5. Nf3 Nh6 6. Bd3 cxd4 7. Bxh6 gxh6 8. cxd4
Bg7 9. Nc3 O-O 10. O-O f6 11. exf6 Qxf6 12. Qc2 Nxd4 13. Nxd4 Qxd4 14. Bxh7+ Kh8
15. Rad1 Qf6 16. Bd3 Bd7 17. Qd2 Rac8 18. Bb1 Qf7 19. Rc1 Rc6 20. Rce1 Rc4 21.
Re3 Rd4 22. Qc2 Bf6 23. f4 Rc4 24. Rh3 Bg5 25. Rhf3 Bf6 26. Rh3 Bg5 27. Rhf3 Be7
28. b3 Rc6 29. Qd2 Qg7 30. Ne2 Bf6 31. Rg3 Qe7 32. Rg6 Bg7 33. Qd3 Kg8 34. Ng3
Be8 35. Rg4 Rf6 36. h3 Rc7 37. f5 Qc5+ 38. Kh1 Bb5 39. Qf3 Bxf1 40. Nh5 Qc1 41.
Kh2 Kh8 42. Qg3 Bxg2 43. Qxg2 Rg6 44. f6 Rxg4 45. Qxg4 Bxf6 46. Qg6 Qd2+ 47. Kg3
Rc3+ 0-1

[Event "21st Chicago Open"]
[Site "Wheeling USA"]
[Date "2012.05.28"]
[Round "8"]
[White "Holt, Conrad"]
[Black "Ardaman, Miles"]
[Result "1-0"]
[WhiteTitle "IM"]
[BlackTitle "FM"]
[WhiteElo "2515"]
[BlackElo "2252"]
[WhiteFideId "2034387"]
[BlackFideId "2000636"]
[EventDate "2012.05.24"]
[EventType "swiss"]

1. d4 b6 2. e4 Bb7 3. Bd3 Nc6 4. Nf3 Nb4 5. c4 e6 6. O-O Ne7 7. Nc3 Nxd3 8. Qxd3
Ng6 9. Bg5 Be7 10. Bxe7 Qxe7 11. Rfe1 O-O 12. d5 d6 13. Nd4 Rae8 14. Rad1 Ne5
15. Qe2 g5 16. b3 Kh8 17. Qd2 Rg8 18. Nce2 Bc8 19. Qc3 Rg7 20. Ng3 g4 21. Rf1
Reg8 22. f4 gxf3 23. Nxf3 f6 24. Nd4 Rg5 25. Rf4 Ng4 26. dxe6 Bxe6 27. Rd3 Bd7
28. Rdf3 Qe5 29. Qd2 a5 30. Kh1 R5g6 31. Ndf5 Bc6 32. h3 Nh6 33. Nxh6 Rxh6 34.
Rf5 Qa1+ 35. Rf1 Rxh3+ 36. gxh3 1-0

[Event "21st Chicago Open"]
[Site "Wheeling USA"]
[Date "2012.05.28"]
[Round "8"]
[White "Pruess, David"]
[Black "Shetty, Atulya"]
[Result "1/2-1/2"]
[WhiteTitle "IM"]
[WhiteElo "2390"]
[BlackElo "2219"]
[WhiteFideId "2014254"]
[BlackFideId "2031213"]
[EventDate "2012.05.24"]
[EventType "swiss"]

1. d4 Nf6 2. c4 e6 3. Nf3 Bb4+ 4. Nbd2 O-O 5. e3 Qe7 6. Bd3 d6 7. O-O e5 8. Qc2
Bxd2 9. dxe5 Bxc1 10. exf6 Qxf6 11. Raxc1 g6 12. Rfd1 Na6 13. Nd4 Bd7 14. Be4
Nc5 15. Bf3 a5 16. Qc3 Rfe8 17. Ne2 Kg7 18. Qd4 Re5 19. Nc3 Ne6 20. Qd2 Nc5 21.
Nd5 Qd8 22. Nf4 Bc6 23. Bd5 Qf6 24. Qc3 Ra6 25. b3 Ra8 26. Rc2 Ree8 27. Qd4 Ne6
28. Qxf6+ Kxf6 29. Nd3 Rab8 30. f3 Bd7 31. c5 Bb5 32. cxd6 cxd6 33. Nf2 Nc5 34.
Ne4+ Nxe4 35. Bxe4 Red8 36. Rd5 Bc6 37. Rxa5 Bxe4 38. fxe4 Rbc8 39. Rd2 Re8 40.
Rxd6+ Kg7 41. Rd7 Rc2 42. Rxb7 Rxe4 43. Raa7 Rxe3 44. Rxf7+ Kg8 45. Rfe7 Rxe7
46. Rxe7 Rxa2 47. h4 Rd2 48. Re1 Rd4 49. g3 Rd3 50. Rb1 Rxg3+ 51. Kf2 Rh3 52. b4
Rxh4 53. b5 Re4 54. b6 Re8 55. Rc1 Rb8 56. Rc6 Kf7 57. Ke3 h5 58. Kd4 h4 59. Kc5
g5 60. Kd6 h3 61. Ke5 h2 62. Rh6 Rxb6 63. Rxh2 Kg6 64. Ke4 Rf6 65. Ke3 Ra6 66.
Kf3 Ra3+ 67. Kg4 Ra4+ 68. Kg3 Kf5 69. Rb2 Ra3+ 70. Kg2 g4 71. Rc2 Kf4 1/2-1/2

[Event "21st Chicago Open"]
[Site "Wheeling USA"]
[Date "2012.05.28"]
[Round "8"]
[White "Abrahamyan, Tatev"]
[Black "Burnett, Ronald"]
[Result "1/2-1/2"]
[WhiteTitle "WGM"]
[BlackTitle "IM"]
[WhiteElo "2329"]
[BlackElo "2360"]
[WhiteFideId "13301918"]
[BlackFideId "2002159"]
[EventDate "2012.05.24"]
[EventType "swiss"]

1. e4 e5 2. Nf3 Nc6 3. Bc4 Nf6 4. Ng5 d5 5. exd5 Nd4 6. c3 Nf5 7. O-O h6 8. Nf3
e4 9. Ne5 Bd6 10. d4 exd3 11. Nxd3 O-O 12. Bf4 Bxf4 13. Nxf4 Qd6 14. Nh5 Nh4 15.
Nd2 Nxd5 16. Nf3 Bg4 1/2-1/2

[Event "21st Chicago Open"]
[Site "Wheeling USA"]
[Date "2012.05.28"]
[Round "8"]
[White "Aliyev, Timur"]
[Black "Kretchetov, Alexandre"]
[Result "0-1"]
[BlackTitle "FM"]
[WhiteElo "2258"]
[BlackElo "2339"]
[WhiteFideId "2804956"]
[BlackFideId "4124588"]
[EventDate "2012.05.24"]
[EventType "swiss"]

1. e4 e5 2. Nf3 Nc6 3. Nc3 Nf6 4. Bb5 Bb4 5. O-O O-O 6. d3 Bxc3 7. bxc3 Qe7 8.
Re1 d6 9. h3 Nd8 10. d4 Ne6 11. a4 Rd8 12. Bf1 c5 13. a5 Qc7 14. d5 Nf8 15. g3
Bd7 16. Bg5 h6 17. Bxf6 gxf6 18. Nh4 Ng6 19. Nf5 Bxf5 20. exf5 Ne7 21. Qh5 Kg7
22. Ra4 Rh8 23. Rg4+ Kf8 24. Qh4 Ng8 25. Rb1 Rb8 26. Rb5 Qd7 27. Rxg8+ Kxg8 28.
Qxf6 e4 29. c4 Kh7 30. Rb3 Rhe8 31. Re3 Re5 32. f4 exf3 33. Rxe5 dxe5 34. Bd3
Rf8 35. Kf2 Qd8 36. Qxe5 f6 37. Qe6 Qxa5 38. Qe7+ Kg8 39. Kxf3 Qa1 40. Kg4 Qe5
41. Qxc5 Rf7 42. Kf3 Rg7 43. g4 Qh2 44. Bf1 b6 45. Qe3 Kh7 46. Qe6 Qg1 47. Bg2
Qd4 48. Qe4 Qc5 49. h4 a5 50. Bf1 Qg1 51. Bg2 Qd1+ 52. Kg3 a4 53. c5 a3 54. cxb6
a2 55. b7 Rxb7 56. Qe8 Rg7 57. g5 hxg5 58. Bf3 Qg1+ 59. Bg2 gxh4+ 0-1

[Event "21st Chicago Open"]
[Site "Wheeling USA"]
[Date "2012.05.28"]
[Round "8"]
[White "Menon, Gopal S"]
[Black "Rensch, Daniel"]
[Result "0-1"]
[BlackTitle "IM"]
[WhiteElo "2180"]
[BlackElo "2396"]
[WhiteFideId "2017482"]
[BlackFideId "2017202"]
[EventDate "2012.05.24"]
[EventType "swiss"]

1. e4 c5 2. Nf3 d6 3. d4 cxd4 4. Nxd4 Nf6 5. Nc3 a6 6. Bg5 e6 7. f4 Qb6 8. Qd3
Nc6 9. Bxf6 gxf6 10. Nb3 Bd7 11. Be2 h5 12. Qh3 O-O-O 13. Rf1 Nd4 14. Bd3 Kb8
15. O-O-O Nxb3+ 16. axb3 Be7 17. Kb1 Qc5 18. Ne2 Bc8 19. f5 d5 20. exd5 exd5 21.
Nf4 Bd6 22. Nxh5 Be5 23. Qf3 Qd4 24. c3 Qb6 25. Kc2 Bd7 26. Nf4 d4 27. Nd5 Qc5
28. c4 Bc6 29. Kb1 Rxh2 30. Rh1 Rdh8 31. Rxh2 Rxh2 32. Be4 Qf8 33. Nf4 Bxe4+ 34.
Qxe4 Qg8 35. Rxd4 Bxd4 36. Qxd4 Qc8 37. Qxf6 Rh1+ 38. Kc2 Rf1 39. Qe5+ Ka8 40.
g4 Qb8 41. Qxb8+ Kxb8 42. Nd5 Rg1 43. Kc3 Rxg4 44. Kb4 Rg3 45. Ka4 Rf3 46. f6
Rf2 47. Ka3 Kc8 48. b4 Kd7 0-1

[Event "21st Chicago Open"]
[Site "Wheeling USA"]
[Date "2012.05.28"]
[Round "8"]
[White "Lee, Kai Jie Edward"]
[Black "Gauri, Shankar"]
[Result "1-0"]
[BlackTitle "FM"]
[WhiteElo "2102"]
[BlackElo "2307"]
[WhiteFideId "5802920"]
[BlackFideId "5041350"]
[EventDate "2012.05.24"]
[EventType "swiss"]

1. e4 c5 2. Nf3 Nc6 3. d4 cxd4 4. Nxd4 g6 5. c4 Nf6 6. Nc3 d6 7. f3 Bg7 8. Be3
O-O 9. Qd2 Nxd4 10. Bxd4 Be6 11. Be2 Qa5 12. a3 Rfc8 13. b4 Qd8 14. Nd5 Bxd5 15.
exd5 Nd7 16. Bxg7 Kxg7 17. h4 h5 18. g4 Qh8 19. Kf2 Kf8 20. gxh5 Qxh5 21. Rag1
Nf6 22. Qe3 Qe5 23. Qxe5 dxe5 24. Rg5 e4 25. f4 a5 26. b5 Ke8 27. Ke3 Kd7 28.
Kd4 Kd6 29. h5 gxh5 30. Bxh5 Nxh5 31. Rgxh5 Rc5 32. Rh6+ f6 33. Rh8 Rxh8 34.
Rxh8 b6 35. Rh3 Rc8 36. f5 Rg8 37. Re3 Rg1 38. Rxe4 Kd7 39. Re6 Rg4+ 40. Kc3
Rg3+ 41. Kd2 Rg2+ 42. Kc3 Rg3+ 43. Kb2 Kc7 44. Rxe7+ Kd6 45. Re6+ Kc5 46. Rc6+
Kd4 47. d6 a4 48. d7 Rb3+ 49. Ka2 Kc3 50. d8=Q Rb2+ 51. Ka1 Rf2 52. Rd6 1-0

[Event "21st Chicago Open"]
[Site "Wheeling USA"]
[Date "2012.05.28"]
[Round "8"]
[White "Williams, John M"]
[Black "Plotkin, Victor"]
[Result "0-1"]
[BlackTitle "FM"]
[WhiteElo "2111"]
[BlackElo "2243"]
[WhiteFideId "2046636"]
[BlackFideId "2606674"]
[EventDate "2012.05.24"]
[EventType "swiss"]

1. e4 e5 2. Nf3 Nf6 3. Nxe5 d6 4. Nc4 Nxe4 5. Nc3 Nxc3 6. bxc3 Be7 7. d4 Nd7 8.
Ne3 Nf6 9. c4 d5 10. c3 O-O 11. Qb3 Be6 12. Qxb7 c5 13. dxc5 Bxc5 14. Qb5 Qe7
15. Bd3 Rab8 16. Qa4 dxc4 17. Bxc4 Bxc4 18. Qxc4 Rfc8 19. Qe2 Qe5 20. O-O Qxc3
21. Bd2 Qe5 22. Qf3 Ne4 23. Rad1 Nxd2 24. Rxd2 Bxe3 25. fxe3 Rc7 26. Rd5 Qe7 27.
Qf4 Re8 28. h3 g6 29. Rf3 Rc3 30. Ra5 Qc7 31. Qxc7 Rxc7 32. Kf2 Rc2+ 33. Kg3 Re7
34. Ra3 Re2 35. h4 h5 36. Kh3 Kg7 37. g4 hxg4+ 38. Kxg4 Kh6 39. Kf4 Rh2 40. Kg3
Re2 41. Kf4 Kh5 42. Rh3 Rg2 43. Kf3 Rg4 44. Ra5+ f5 45. Ra6 Rge4 46. Kf2 Rg7 47.
Kf3 Rxh4 48. Rxh4+ Kxh4 49. Kf4 Kh5 50. Ra3 Re7 51. Ra6 Rf7 52. a4 g5+ 53. Kg3
Re7 54. Kf3 Rc7 55. Rf6 Rc4 56. Rxf5 Rxa4 57. e4 Ra3+ 58. Kf2 Kg4 59. Rf7 Ra2+
60. Ke3 Kg3 61. e5 Ra1 62. Rf3+ Kh4 63. Kf2 Ra2+ 64. Kf1 Kg4 65. Re3 Kf4 66. Re1
Rh2 67. e6 Rh8 68. Kf2 Re8 69. Ra1 Re7 70. Ra5 Rb7 71. Kg2 Kg4 72. Re5 Re7 73.
Ra5 Kf4 74. Kf2 g4 75. Kg2 Rb7 76. Ra2 Kf5 77. Ra6 Rb2+ 78. Kg3 Rb3+ 79. Kg2 Rb7
80. Kg3 Re7 81. Ra5+ Kxe6 82. Kxg4 Rf7 83. Kg5 Kd6 84. Kg6 Rc7 85. Kf6 Kc6 86.
Ke5 Kb6 87. Ra1 a5 88. Rb1+ Ka6 89. Rb8 Rd7 90. Ke4 a4 91. Ra8+ Kb5 92. Rb8+ Kc4
93. Ra8 Re7+ 94. Kf5 Kb3 95. Rb8+ Ka2 96. Ra8 a3 97. Rh8 Re2 98. Kf4 Kb1 99. Ra8
a2 100. Kf3 Rb2 0-1

[Event "21st Chicago Open"]
[Site "Wheeling USA"]
[Date "2012.05.28"]
[Round "8"]
[White "Hendrickson, Nolan R"]
[Black "Amanov, Zhanibek"]
[Result "0-1"]
[BlackTitle "IM"]
[WhiteElo "2141"]
[BlackElo "2401"]
[WhiteFideId "2038188"]
[BlackFideId "13700189"]
[EventDate "2012.05.24"]
[EventType "swiss"]

1. e4 e5 2. Nf3 Nc6 3. Bc4 Bc5 4. c3 Nf6 5. d4 exd4 6. cxd4 Bb4+ 7. Bd2 Bxd2+ 8.
Nbxd2 d5 9. exd5 Nxd5 10. O-O O-O 11. Rc1 Nce7 12. Re1 c6 13. Ne4 Ng6 14. Nc3
Nb6 15. Bb3 Bg4 16. h3 Bxf3 17. Qxf3 Qxd4 18. Rcd1 Qh4 19. Ne4 Rae8 20. Nd6 Re7
21. g3 Qg5 22. Rxe7 Qxe7 23. Qh5 Nd5 24. Bxd5 cxd5 25. Qxd5 Rd8 26. Kg2 Kf8 27.
Qf5 Qc7 28. Qd5 Qe7 29. Qf5 b6 30. Rd4 a6 31. h4 f6 32. Qd3 Ne5 33. Qd1 Qd7 34.
Nf5 Qc6+ 35. Kf1 Qh1+ 36. Ke2 Qf3+ 37. Ke1 Nd3+ 38. Rxd3 Qxd3 0-1

[Event "21st Chicago Open"]
[Site "Wheeling USA"]
[Date "2012.05.28"]
[Round "9"]
[White "Adams, Michael"]
[Black "Perunovic, Milos"]
[Result "1/2-1/2"]
[WhiteTitle "GM"]
[BlackTitle "GM"]
[WhiteElo "2728"]
[BlackElo "2577"]
[WhiteFideId "400041"]
[BlackFideId "921629"]
[EventDate "2012.05.24"]
[EventType "swiss"]

1. c4 Nf6 2. g3 c5 3. Bg2 d5 4. cxd5 Nxd5 5. Nc3 Nc7 6. Nf3 Nc6 7. O-O e5 8. a3
f6 9. e3 Bg4 10. h3 Bh5 11. d4 cxd4 12. exd4 exd4 13. Nb5 Nxb5 14. Qe2+ Be7 15.
Qxb5 Bxf3 16. Bxf3 Qb6 17. Qc4 Ne5 18. Qa4+ Kf8 19. Bg2 Rd8 20. b4 Qa6 21. Qb3
Qc4 22. Qb1 Kf7 23. Bf4 d3 24. Bxb7 Rd7 25. Rc1 Qe6 26. Bg2 Rhd8 27. Qa2 d2 28.
Rd1 g5 29. Bxe5 fxe5 30. Kf1 Rd4 31. Bf3 e4 32. Qxe6+ Kxe6 33. Bg4+ Ke5 34. Ra2
a5 35. bxa5 Ra4 36. Raxd2 Rxd2 37. Rxd2 Rxa5 38. Rd7 Kf6 39. Rd4 Ke5 40. Rd7 Kf6
41. Rc7 Rxa3 42. Rc6+ Kf7 43. Bh5+ Kf8 44. Re6 Ra4 45. Kg2 Rc4 46. Re5 Bf6 47.
Re6 Be7 48. Bg4 Kf7 49. Bf5 Rc2 50. Rxe4 1/2-1/2

[Event "21st Chicago Open"]
[Site "Wheeling USA"]
[Date "2012.05.28"]
[Round "9"]
[White "Yang, Darwin"]
[Black "Perelshteyn, Eugene"]
[Result "1/2-1/2"]
[WhiteTitle "IM"]
[BlackTitle "GM"]
[WhiteElo "2476"]
[BlackElo "2526"]
[WhiteFideId "2029111"]
[BlackFideId "2012529"]
[EventDate "2012.05.24"]
[EventType "swiss"]

1. d4 Nf6 2. c4 e6 3. Nc3 Bb4 4. e3 O-O 5. Ne2 d5 6. a3 Be7 7. cxd5 exd5 8. Nf4
c6 9. Bd3 Na6 10. O-O Nc7 11. b4 Ne6 12. Nfe2 a5 13. Rb1 axb4 14. axb4 b6 15.
Bd2 g6 16. f3 c5 17. bxc5 bxc5 18. Na4 Ba6 19. Bxa6 Rxa6 20. Nxc5 Nxc5 21. dxc5
Bxc5 22. Qc2 Qe7 23. Nd4 Bxd4 24. exd4 Kg7 25. Rfe1 Re6 26. Rxe6 1/2-1/2

[Event "21st Chicago Open"]
[Site "Wheeling USA"]
[Date "2012.05.28"]
[Round "9"]
[White "Kekelidze, Mikheil"]
[Black "Mitkov, Nikola"]
[Result "0-1"]
[WhiteTitle "GM"]
[BlackTitle "GM"]
[WhiteElo "2494"]
[BlackElo "2518"]
[WhiteFideId "13600818"]
[BlackFideId "15000290"]
[EventDate "2012.05.24"]
[EventType "swiss"]

1. c4 e5 2. Nc3 Nc6 3. Nf3 Nf6 4. a3 h6 5. d3 d5 6. cxd5 Nxd5 7. e3 Be6 8. Be2
g5 9. O-O Bg7 10. Nd2 O-O 11. Nde4 b6 12. g4 Qd7 13. Bd2 Nce7 14. Kh1 Nxc3 15.
Bxc3 Bd5 16. Rg1 Ng6 17. f3 Rad8 18. Ng3 Nh4 19. Nf5 Nxf5 20. gxf5 Bb7 21. e4
Ba6 22. f4 Bxd3 23. Bxd3 Qxd3 24. Qxd3 Rxd3 25. fxg5 hxg5 26. Rxg5 f6 27. Rg6
Rf7 28. Rag1 Kh7 29. R6g3 Rfd7 30. Rg4 Rf7 31. Kg2 a5 32. Rf1 a4 33. Rf3 Rfd7
34. Kf2 c5 35. Rh4+ Kg8 36. Rxd3 Rxd3 37. Ke2 Rd7 38. Rh3 b5 39. Rg3 Kh7 40.
Rh3+ Kg8 41. Rg3 Kh7 42. h4 b4 43. Bd2 Rd4 44. Rg4 bxa3 45. bxa3 c4 46. h5 Bf8
47. Rg6 Rxe4+ 48. Kf3 Rd4 49. Be3 Rd6 50. Ke4 c3 51. Rg2 Bh6 52. Rc2 Bxe3 53.
Kxe3 Rc6 54. Ke4 Rc5 55. Ke3 Kh6 56. Kd3 Kxh5 57. Rh2+ Kg5 58. Kc2 Rc4 59. Rf2
e4 60. Rf1 Kg4 0-1

[Event "21st Chicago Open"]
[Site "Wheeling USA"]
[Date "2012.05.28"]
[Round "9"]
[White "Friedel, Joshua E"]
[Black "Ludwig, Daniel"]
[Result "0-1"]
[WhiteTitle "GM"]
[BlackTitle "IM"]
[WhiteElo "2499"]
[BlackElo "2456"]
[WhiteFideId "2017199"]
[BlackFideId "2024322"]
[EventDate "2012.05.24"]
[EventType "swiss"]

1. c4 Nf6 2. Nc3 e5 3. Nf3 Nc6 4. g3 Bb4 5. Bg2 O-O 6. O-O Re8 7. d3 h6 8. Nd5
Bc5 9. e3 d6 10. d4 exd4 11. exd4 Bb6 12. Nxb6 axb6 13. b3 Ne4 14. Bb2 Qf6 15.
Qb1 Ng5 16. Nxg5 Qxg5 17. Bc3 Qh5 18. Re1 Bg4 19. Qb2 f6 20. f4 Bf3 21. d5 Bxg2
22. Qxg2 Ne7 23. g4 Qh4 24. Re6 f5 25. g5 hxg5 26. fxg5 f4 27. Rae1 f3 28. Qxf3
Rf8 29. Qg2 Nf5 30. a4 Qh5 31. Kh1 Nh4 32. Qe2 Qxe2 33. R6xe2 Rf3 34. Re3 Raf8
35. h3 R8f5 36. Rxf3 Rxf3 37. Bd4 Rxh3+ 38. Kg1 Rd3 39. Re7 Nf3+ 40. Kg2 Nxd4
41. g6 Rg3+ 0-1

[Event "21st Chicago Open"]
[Site "Wheeling USA"]
[Date "2012.05.28"]
[Round "9"]
[White "Kacheishvili, Giorgi"]
[Black "Gurevich, Dmitry"]
[Result "1/2-1/2"]
[WhiteTitle "GM"]
[BlackTitle "GM"]
[WhiteElo "2598"]
[BlackElo "2471"]
[WhiteFideId "13600613"]
[BlackFideId "2000407"]
[EventDate "2012.05.24"]
[EventType "swiss"]

1. d4 d5 2. c4 e6 3. Nc3 Be7 4. Nf3 Nf6 5. Bg5 h6 6. Bh4 O-O 7. e3 b6 8. Bd3 Bb7
9. O-O Nbd7 10. Qe2 c5 11. cxd5 Nxd5 12. Bg3 cxd4 13. Nxd5 Bxd5 14. Nxd4 Nc5 15.
Bc4 Ne4 16. Rfd1 Nxg3 17. hxg3 Bf6 18. Nc6 Bxc4 19. Qxc4 Qc7 20. Rd2 Qb7 21. Rc1
Rac8 22. a4 a6 23. b4 b5 24. axb5 axb5 25. Qc5 Rc7 26. Ra2 Be7 27. Nxe7+ Rxe7
28. Ra5 Rb8 29. Qe5 Rd7 30. Rc5 Rc8 31. Rxc8+ Qxc8 32. Rxb5 Qc2 33. Qf4 g5 34.
Qf3 Rd1+ 35. Kh2 Qc1 36. Qa8+ Kg7 37. g4 Qc4 38. Qf3 Qf1 39. Kg3 Qxb5 1/2-1/2

[Event "21st Chicago Open"]
[Site "Wheeling USA"]
[Date "2012.05.28"]
[Round "9"]
[White "Coleman, Teddy"]
[Black "Holt, Conrad"]
[Result "1/2-1/2"]
[WhiteTitle "FM"]
[BlackTitle "IM"]
[WhiteElo "2407"]
[BlackElo "2515"]
[WhiteFideId "2022010"]
[BlackFideId "2034387"]
[EventDate "2012.05.24"]
[EventType "swiss"]

1. d4 d5 2. c4 c6 3. Nc3 dxc4 4. e4 b5 5. a4 b4 6. Nce2 Ba6 7. Ng3 e6 8. Nf3 c5
9. Be3 Nf6 10. Ne5 h5 11. Bxc4 Bxc4 12. Nxc4 Nc6 13. dxc5 h4 14. e5 hxg3 15.
exf6 Rxh2 16. O-O Qxd1 17. Raxd1 Rh7 18. fxg3 gxf6 19. Rxf6 Rd8 20. Nd6+ Bxd6
21. cxd6 Kd7 22. g4 Ne5 23. Rf4 Rdh8 24. Kf2 Rh1 25. Rd2 Rg8 26. Rxb4 Nxg4+ 27.
Ke2 Ne5 28. Kf2 Rh2 29. Kf1 Rh1+ 30. Kf2 Rh2 31. Kf1 Rh1+ 1/2-1/2

[Event "21st Chicago Open"]
[Site "Wheeling USA"]
[Date "2012.05.28"]
[Round "9"]
[White "Kretchetov, Alexandre"]
[Black "Managadze, Nikoloz"]
[Result "0-1"]
[WhiteTitle "FM"]
[BlackTitle "IM"]
[WhiteElo "2339"]
[BlackElo "2472"]
[WhiteFideId "4124588"]
[BlackFideId "13600575"]
[EventDate "2012.05.24"]
[EventType "swiss"]

1. Nf3 Nf6 2. c4 g6 3. Nc3 Bg7 4. e4 d6 5. d4 O-O 6. Be2 c6 7. O-O Bg4 8. Be3
Nbd7 9. h3 Bxf3 10. Bxf3 e5 11. d5 c5 12. Qc2 h5 13. Be2 Nh7 14. a3 Bf6 15. Qd2
a6 16. b4 Bg5 17. Rfb1 Bxe3 18. Qxe3 Rb8 19. Na4 b6 20. Rb2 Kg7 21. Rab1 Qc7 22.
h4 Nhf6 23. g3 Rb7 24. Bf1 Rfb8 25. f3 Ra7 26. Nc3 Raa8 27. b5 a5 28. Bh3 Rf8
29. Rg2 Rh8 30. Rbb2 Rag8 31. Rbf2 Qd8 32. f4 exf4 33. gxf4 Re8 34. Re2 Ng4 35.
Bxg4 hxg4 36. Rxg4 Nf6 37. Rgg2 Rxh4 38. e5 dxe5 39. fxe5 Ng4 40. Qf4 Nxe5 41.
Qg3 Rg4 42. Qe3 Qh4 43. d6 Re6 44. Ne4 Nd7 45. Qc3+ f6 46. Ng3 Rxe2 47. Nxe2
Rxg2+ 48. Kxg2 Qe4+ 49. Kf2 Qf5+ 50. Kg2 Kf7 51. Ng3 Qe5 52. Qd2 Ke6 53. Qh6 g5
54. Qh7 Kxd6 55. Nf5+ Kc7 56. Ne7 Qb2+ 57. Kf1 Qc1+ 58. Kf2 Qxc4 59. Qh8 Qf4+ 0-1

[Event "21st Chicago Open"]
[Site "Wheeling USA"]
[Date "2012.05.28"]
[Round "9"]
[White "Sarkar, Justin"]
[Black "Shetty, Atulya"]
[Result "1/2-1/2"]
[WhiteTitle "IM"]
[WhiteElo "2411"]
[BlackElo "2219"]
[WhiteFideId "2010011"]
[BlackFideId "2031213"]
[EventDate "2012.05.24"]
[EventType "swiss"]

1. d4 Nf6 2. c4 e6 3. Nc3 Bb4 4. Qc2 Nc6 5. Nf3 d6 6. Bd2 O-O 7. a3 Bxc3 8. Bxc3
a5 9. e4 Qe7 10. Bd3 e5 11. d5 Nb8 12. b4 Nh5 13. O-O Nf4 14. Rfe1 f5 15. exf5
Nxd3 16. Qxd3 Bxf5 17. Qe3 axb4 18. axb4 Nd7 19. Nd4 Nb6 20. Rxa8 Nxa8 21. f4
Nb6 22. fxe5 dxe5 23. Nxf5 Rxf5 24. Qe4 Rf8 25. Qxe5 Qxe5 26. Bxe5 Re8 27. Kf2
c6 28. dxc6 bxc6 29. c5 Nd5 30. Bd6 Rxe1 31. Kxe1 Nxb4 32. Kd2 Kf7 33. Kc3 Nd5+
34. Kd4 Ke6 35. Be5 g6 36. Ke4 Ne3 37. Bg3 Nd5 38. Be5 Ne3 39. Bg3 Nd5 1/2-1/2

[Event "21st Chicago Open"]
[Site "Wheeling USA"]
[Date "2012.05.28"]
[Round "9"]
[White "Rensch, Daniel"]
[Black "Xiong, Jeffrey"]
[Result "1-0"]
[WhiteTitle "IM"]
[BlackTitle "FM"]
[WhiteElo "2396"]
[BlackElo "2180"]
[WhiteFideId "2017202"]
[BlackFideId "2047640"]
[EventDate "2012.05.24"]
[EventType "swiss"]

1. e4 c5 2. Nf3 d6 3. d4 cxd4 4. Nxd4 Nf6 5. Nc3 a6 6. Be3 e5 7. Nb3 Be7 8. f3
O-O 9. Qd2 Be6 10. O-O-O Nbd7 11. g4 b5 12. g5 b4 13. gxf6 bxc3 14. Qxc3 Nxf6
15. Na5 Rc8 16. Nc6 Qe8 17. Nxe7+ Qxe7 18. Qa5 Rc6 19. Rg1 Rfc8 20. Kb1 d5 21.
Bg5 dxe4 22. fxe4 Kh8 23. b3 h6 24. Bxf6 Qxf6 25. Bd3 Rc5 26. Qxa6 Qe7 27. Qa3
Qc7 28. Qb2 Ra8 29. c4 Rb8 30. Rc1 Ra5 31. Rg2 Rba8 32. Qc3 Qa7 33. a4 Rb8 34.
Rb2 Rc5 35. Ka1 f6 36. Bb1 Rc7 37. Rd2 Qc5 38. Ba2 Rcb7 39. Rb2 Rb4 40. Rd1 R4b7
41. Qd2 Rd7 42. Qc1 Rdb7 43. Rd3 Qa3 44. Rb1 Qc5 45. Qd2 Kh7 46. Rd1 Ra7 47. Rd8
Rxd8 48. Qxd8 Bg4 49. Qd6 Qa5 50. Qd2 Bxd1 51. Qxd1 Qc3+ 52. Kb1 Rb7 53. Qd5 Rc7
54. Qd6 Qa5 55. Kb2 Qa7 56. Bb1 Rd7 57. Qb4 Rd1 58. Bc2 Rh1 59. c5 Qd7 60. Qc3
Rxh2 61. c6 Qc7 62. a5 Rh1 63. b4 Qc8 64. Qf3 Rh4 65. b5 f5 66. Qxf5+ Qxf5 67.
exf5 Rb4+ 68. Bb3 Rxb5 69. a6 Rb8 70. c7 Rc8 71. a7 e4 72. Be6 e3 73. Bxc8 e2
74. Be6 e1=Q 75. c8=Q Qf2+ 76. Kc3 Qe3+ 77. Kb4 Qd4+ 78. Kb5 Qe5+ 79. Ka6 Qd6+
80. Kb7 Qb4+ 81. Ka8 Qe4+ 82. Qb7 Qd4 83. Qd5 Qb6 84. Bf7 Qc7 85. Qe6 Qd8+ 86.
Kb7 1-0

[Event "21st Chicago Open"]
[Site "Wheeling USA"]
[Date "2012.05.28"]
[Round "9"]
[White "Amanov, Zhanibek"]
[Black "Ni, Viktorija"]
[Result "1-0"]
[WhiteTitle "IM"]
[BlackTitle "WIM"]
[WhiteElo "2401"]
[BlackElo "2228"]
[WhiteFideId "13700189"]
[BlackFideId "11602252"]
[EventDate "2012.05.24"]
[EventType "swiss"]

1. c4 e5 2. g3 Nf6 3. Bg2 d5 4. cxd5 Nxd5 5. Nc3 Nb6 6. Nf3 Nc6 7. O-O Be7 8. a3
O-O 9. b4 Re8 10. d3 Bf8 11. Rb1 a5 12. b5 Nd4 13. Nd2 c6 14. bxc6 Nxc6 15. Nde4
a4 16. Bg5 Be7 17. Bxe7 Rxe7 18. e3 Bd7 19. Nd6 Be8 20. Nxe8 Rxe8 21. Qc2 Na5
22. Rb5 Qc7 23. Qb2 Rec8 24. Ne2 Nb3 25. Rxe5 Qd6 26. Bxb7 Nd2 27. Bxa8 Rxa8 28.
Qxd2 Nc4 29. Qc3 Nxe5 30. d4 Nf3+ 31. Kg2 Ng5 32. Qc5 Qf6 33. Nf4 Ne4 34. Qd5
Re8 35. Rc1 g5 36. Rc6 Qe7 37. Nd3 Rb8 38. Ne5 Nf6 39. Qf3 Ne8 40. Ra6 Rb2 41.
Rxa4 Nf6 42. Rb4 Ra2 43. Rb7 1-0